[Event "Norm Congress-IM 2018"]
[Site "Saint Louis"]
[Date "2018.02.10"]
[Round "4"]
[White "Matsenko, Sergei"]
[Black "Jacobson, Brandon"]
[Result "1-0"]
[WhiteElo "2561"]
[BlackElo "2351"]
[Annotator "TA"]
[PlyCount "191"]
[EventDate "2018.??.??"]
[EventType "schev"]
[EventCountry "USA"]
[SourceTitle "playchess.com"]
[Source "ChessBase"]
[SourceQuality "1"]

{[%evp 21,191,0,0,-18,-21,-11,20,11,14,23,20,16,23,0,49,39,38,37,37,25,30,19,17,37,61,65,198,150,163,129,150,123,121,129,139,141,149,145,215,212,233,225,258,251,280,280,280,266,366,366,366,366,367,366,347,347,334,303,302,300,303,303,302,303,303,295,292,302,302,297,288,285,303,291,400,406,355,392,388,369,324,234,303,297,281,244,294,289,289,289,275,275,189,0,270,252,241,245,380,368,371,246,246,239,235,233,282,269,532,517,517,514,604,528,29967,29960,5989,2507,29970,29971,29971,29972,29972,29973,29973,29974,29974,29975,29975,29976,29976,29977,29974,29980,29981,29982,29982,29983,29982,29983,29987,29979,29979,29980,29980,29980,29980,29981,29986,29981,29987,29988,29989,29984,29984,29982,29985,29982,29986,29987,29991,29982,29982,29982,29981,29982,29983,29984,29984,29985,29985,29986]} 1. Nf3 d5 2. d4 Nf6 3. g3 Bf5 4. Bg2 c6 5. O-O h6 6. c4 e6 7. Nc3 Nbd7 8. Qb3 Qb6 9. c5 Qc7 {D11: Slav Defence: 3 Nf3 sidelines and 3...Nf6 4 e3 Bg4} 10. Bf4 Qc8 11. h3 (11. Nd2 g5 12. Bd6 Bxd6 13. cxd6 O-O 14. f3 c5 15. e4 Bg6 16. Rac1 Qc6 17. e5 {1-0 (34) Stupak,K (2588)-Rodshtein,M (2699) Katowice 2017}) 11... Be7 {LiveBook: 3 Games. The position is equal.} 12. Qa4 $146 ({Predecessor:} 12. g4 Bg6 13. Qa4 Ne4 14. Nxe4 Bxe4 {½-½ (41) Vasilyev,V (2308)-Bezgodov,A (2512) Sochi 2016}) 12... O-O 13. b4 b5 14. Qb3 a5 15. a4 bxa4 16. Rxa4 axb4 17. Qxb4 (17. Rxb4 {seems wilder.} Re8 18. g4 Be4 19. e3 Bd8 20. Nxe4 Nxe4 21. Ra4) 17... Ne4 (17... g5 {is more complex.} 18. Be3 Rb8 19. Qa5 Bc2 20. Ra3 Ra8) 18. Nxe4 Bxe4 19. Rfa1 $36 {[%mdl 2048] Black is under pressure.} Rxa4 20. Rxa4 Bxf3 21. Bxf3 e5 $1 {[%cal Re5f4]} 22. dxe5 Bxc5 23. Qc3 {And now Bg4 would win.} d4 (23... Qb8 $14) 24. Qc1 {aiming for Bg4.} Nb6 25. Ra2 Bb4 26. Qxc6 Qxc6 27. Bxc6 {Black must now prevent Rb2.} Rc8 28. Bb7 Rc5 29. h4 {[%cal Bh3h4,Bh4h5][%mdl 32]} Nd5 (29... Ba5 $16 30. e6 fxe6) 30. Ra8+ $18 Kh7 31. h5 $1 Rb5 32. Ba6 Nc7 33. Bxb5 Nxa8 {[%mdl 4096] Endgame KBB-KBN} 34. Bc4 Kg8 35. e6 fxe6 36. Bxe6+ Kf8 37. Kg2 Ke7 38. Bb3 Bd6 39. Bc1 Nc7 40. f4 Nb5 41. Bc4 Nc3 42. Kf3 Bc5 43. g4 Nd1 44. Bd2 Ne3 45. Bb3 Nf1 46. Ba5 Bd6 47. Ba2 Nh2+ 48. Kg3 Nf1+ 49. Kg2 $1 {[%cal Rg2f1]} Ne3+ 50. Kf3 Nf1 51. Be1 Kf8 52. Be6 Ne3 53. Bh4 Nf1 {Now ...Nd2+ and Black clings on.} 54. Ke4 Nd2+ 55. Kf5 ({Resist} 55. Kxd4 Bxf4 56. Bf5 Ke8 $18) 55... Nf1 56. Bf2 Ke7 {[#]} 57. Bh4+ (57. Bxd4 Ng3+ 58. Kg6 Nxe2 $11) (57. Bc8 $142 $1 Ne3+ 58. Ke4) 57... Kf8 58. Bc8 Ne3+ 59. Ke4 Bc5 (59... Nd1 $142 60. Be6 Nc3+ 61. Kf3 (61. Kxd4 Nxe2+ 62. Ke4 Nxf4 $16) 61... Na4) 60. Bd8 Nc4 61. Kd5 Bb6 62. Bh4 Ne3+ 63. Kd6 Ba7 64. Be7+ Kg8 $2 (64... Kf7 {keeps fighting.}) 65. Be6+ Kh8 66. Kc7 Ng2 67. f5 {Threatens to win with f6.} Ne3 68. f6 gxf6 69. Kb7 d3 70. Bxf6+ {White mates.} Kh7 71. exd3 Bc5 72. d4 Bf8 73. d5 Nc4 74. Kc6 Bd6 75. Kd7 Bf8 76. Ke8 Bb4 77. Be7 Bc3 78. d6 Nxd6+ 79. Bxd6 Kg7 80. Be7 Bd4 81. Bf5 Be3 82. Kd7 Kf7 83. Bg6+ Kg7 84. Ke6 Bd2 85. Be4 Be3 86. Bf6+ Kg8 87. Be5 Bg5 88. Kf5 Kh7 89. Bf4 Bh4 90. Bd5 Be1 91. Bg8+ Kg7 92. Be5+ Kxg8 {[#]} 93. Kg6 $1 Bd2 94. Bg7 Be3 95. Bxh6 Bd4 96. Bg5 {Precision: White = 87%, Black = 49%.} 1-0

[Event "Norm Congress-IM 2018"]
[Site "Saint Louis"]
[Date "2018.02.10"]
[Round "4"]
[White "Grabinsky, Aaron"]
[Black "Banawa, Joel"]
[Result "0-1"]
[WhiteElo "2388"]
[BlackElo "2401"]
[Annotator "TA"]
[PlyCount "120"]
[EventDate "2018.??.??"]
[EventType "schev"]
[EventCountry "USA"]
[SourceTitle "playchess.com"]
[Source "ChessBase"]
[SourceQuality "1"]

{[%evp 10,120,8,0,3,0,6,0,0,-12,-13,-11,-7,-19,-10,-35,-29,-39,-7,-2,-7,-34,-40,-27,-15,-39,-39,-39,-42,-34,-35,-55,0,-2,-4,0,54,61,77,72,66,80,80,87,100,75,108,86,151,157,192,-8,-8,-8,-8,-8,-8,-8,-8,-58,0,0,0,0,0,0,0,0,0,0,0,0,0,0,0,0,0,-270,-266,-268,-220,-368,-364,-329,-317,-456,-442,-531,-531,-519,-497,-593,-482,-29992,-1193,-1060,-1044,-835,-772,-1508,-1389,-5215,-5273,-29996,-29984,-29984,-29985,-29986,-29987,-29987,-29986,-29988,-29989]} 1. b3 d5 2. Bb2 Nf6 3. Nf3 Bf5 4. e3 e6 5. Be2 h6 6. O-O Bd6 {A06: Réti Opening:1 Nf3 d5} 7. Ne5 (7. c4 O-O 8. Nc3 c6 9. d3 Qe7 10. a3 Nbd7 11. b4 Rad8 12. Qb3 a6 13. Rad1 Rfe8 14. Rfe1 {1-0 (58) Vachier Lagrave,M (2796)-So,W (2812) Leuven 2017}) 7... O-O 8. d3 Nbd7 {The position is equal.} 9. Nxd7 Nxd7 10. Nd2 c6 11. Re1 $146 (11. e4 {is interesting.} Bg6 12. f4 Bc5+ 13. Kh1 Qa5 14. e5) ({Predecessor:} 11. c4 Be5 12. Qc2 Qf6 13. Bxe5 Nxe5 {0-1 (24) Md Shafiqul,I (1966)-Rahman,S (2252) Dhaka 2016}) 11... e5 12. Bg4 Bxg4 13. Qxg4 Qe7 14. e4 d4 15. f4 exf4 16. Bxd4 {[%csl Gd4][%cal Rg4g7]} Ne5 17. Qe2 (17. Qxf4 $2 Nxd3 $1 {[%mdl 512]} 18. Qe3 Nxe1 $19) 17... Bc5 18. Qf2 Bxd4 19. Qxd4 Rfd8 20. Qc3 Rd6 (20... a5 $15) 21. Nc4 Nxc4 22. bxc4 f3 (22... Re6 $11) 23. gxf3 $14 Rg6+ 24. Kh1 Qg5 {[%csl Gg6][%cal Rg5g2]} 25. Re2 $1 Qh5 26. Rf2 Re8 27. d4 {[%cal Bd3d4,Bd4d5][%mdl 32]} Rg3 28. Qe3 Re6 (28... b6 $142) 29. d5 $16 Rf6 {[%cal Rg3f3,Be6f6,Bf6f3,Bf3e3][%mdl 32]} 30. Rd1 $2 ({But not} 30. Qxa7 $2 Rgxf3 31. Rg2 Rf1+ 32. Qg1 Rxg1+ $19) (30. Raf1 $18 {Black must now prevent e5.} Qh3 31. Qe2 (31. Qxa7 Rfxf3 32. Re1 Rg6 $17)) 30... Rgxf3 $11 ({Of course not} 30... Rfxf3 31. Qe2 $14) 31. Qe2 Qh3 32. Rxf3 Rxf3 {[%mdl 4096] Endgame KQR-KQR} 33. d6 $132 {[%mdl 2048] White puts up resistance} Re3 34. Qg2 Qh4 (34... Qd7 $1 $15) 35. Rg1 $1 {[%csl Gg1][%cal Rg2g7]} g6 36. d7 {Threatens to win with Qg4.} h5 $1 37. Rf1 Kg7 38. c5 Re1 39. Kg1 {Hoping for Qg3.} Rxf1+ 40. Kxf1 {And now Qg3 would win. KQ-KQ} Qf4+ $1 41. Kg1 Qe3+ 42. Qf2 Qg5+ 43. Kh1 $2 {[%mdl 8192]} (43. Kf1 $1 $11 Qc1+ 44. Qe1 Qf4+ 45. Qf2 Qc1+ 46. Qe1 Qf4+ 47. Qf2 Qc1+) 43... Qc1+ $19 44. Kg2 Qd1 45. e5 (45. c3 {was necessary.} Qg4+ 46. Kf1 Qxd7 47. Qd4+ Qxd4 48. cxd4) 45... Qxd7 46. Qf6+ Kg8 47. h3 (47. Qd6 $142 Qg4+ 48. Kf2) 47... Qd5+ 48. Kg3 Qxc5 49. Qd8+ Kh7 50. Qd6 Qc3+ 51. Kh4 (51. Qd3 $19 Qxe5+ 52. Kg2) 51... Qxc2 (51... Qe1+ $142 52. Kg5 Qf2 53. Qb4 {[#]} f6+ $1 {[%mdl 512]} 54. exf6 Qg3+ 55. Qg4 Qe5+ 56. Kh4 Kh6 57. Qg3 Qxf6+ 58. Qg5+ Qxg5#) 52. Kg3 Qxa2 53. Qc7 Qb3+ 54. Kf4 a5 {[%cal Ba7a5,Ba5a4,Ba4a3][%mdl 32]} 55. h4 a4 56. Kg5 Qe6 {[%csl Gg6][%cal Re6f5] Black mates.} 57. Kf4 a3 58. Qxb7 Qf5+ 59. Ke3 Qxe5+ 60. Kf3 Qf6+ {Precision: White = 49%, Black = 58%.} 0-1

[Event "Norm Congress-IM 2018"]
[Site "Saint Louis"]
[Date "2018.02.10"]
[Round "4"]
[White "Torres Rosas, Luis Carlos"]
[Black "Turgut, Tansel"]
[Result "1/2-1/2"]
[WhiteElo "2370"]
[BlackElo "2224"]
[Annotator "RC"]
[PlyCount "73"]
[EventDate "2018.??.??"]
[EventType "schev"]
[EventCountry "USA"]
[SourceTitle "playchess.com"]
[Source "ChessBase"]
[SourceQuality "1"]
[TimeControl "5400+30"]

1. d4 {[%emt 0:00:00]} d5 {[%emt 0:00:28]} 2. c4 {[%emt 0:00:00]} c6 {[%emt 0:00:03]} 3. Nf3 {[%emt 0:00:00]} Nf6 {[%emt 0:00:13]} 4. Nc3 {[%emt 0:00:00]} e6 {[%emt 0:00:06]} 5. e3 {[%emt 0:00:00]} Nbd7 {[%emt 0:00:10]} 6. Qc2 {[%emt 0:00:03]} Bd6 {[%emt 0:00:12]} 7. Bd3 {[%emt 0:00:09]} O-O {[%emt 0:06:59]} 8. O-O {[%emt 0:00:31]} Qe7 {[%emt 0:00:46]} 9. b3 {[%emt 0:19:36]} dxc4 {[%emt 0:02:53]} 10. bxc4 {[%emt 0:00:57]} e5 {[%emt 0:00:09]} 11. c5 {[%emt 0:12:59]} Bc7 {[%emt 0:03:32]} 12. Nd2 {[%emt 0:02:13]} Re8 {[%emt 0:04:17]} 13. Nc4 {[%emt 0:06:34]} e4 {[%emt 0:16:39]} 14. Be2 {[%emt 0:00:38]} Nf8 {[%emt 0:03:07]} 15. Ba3 {[%emt 0:12:07]} Ng6 {[%emt 0:06:28]} 16. Nd6 {[%emt 0:03:21]} Bxd6 {[%emt 0:00:13]} 17. cxd6 {[%emt 0:00:05]} Qe6 {[%emt 0:00:10]} 18. Qb3 {[%emt 0:05:45]} Qf5 {[%emt 0:04:23]} 19. f4 {[%emt 0:02:28]} b6 {[%emt 0:04:31]} 20. Rac1 {[%emt 0:04:29]} Bd7 {[%emt 0:04:02]} 21. Nd1 {[%emt 0:01:02]} h5 {[%emt 0:01:20]} 22. Nb2 {[%emt 0:00:31]} Nd5 {[%emt 0:02:17]} 23. Nc4 {[%emt 0:03:48]} f6 {[%emt 0:02:00]} 24. Qd1 {[%emt 0:08:04]} h4 {[%emt 0:01:20]} 25. h3 {[%emt 0:02:19]} Nf8 {[%emt 0:03:25]} 26. Bg4 {[%emt 0:00:16]} Qg6 {[%emt 0:09:38]} 27. Bxd7 {[%emt 0:06:57]} Nxd7 {[%emt 0:00:10]} 28. Qe1 {[%emt 0:00:29]} Qh5 {[%emt 0:07:05]} 29. Rf2 {[%emt 0:00:33]} g5 {[%emt 0:00:50]} 30. fxg5 {[%emt 0:05:00]} Qxg5 {[%emt 0:00:04]} 31. Kh1 {[%emt 0:02:20]} Kh8 {[%emt 0:01:44]} 32. Re2 {[%emt 0:00:26]} Rac8 {[%emt 0:03:18]} 33. Nd2 {[%emt 0:00:32]} a5 {[%emt 0:04:07]} 34. Qf2 {[%emt 0:00:16]} b5 {[%emt 0:01:31]} 35. Rf1 {[%emt 0:00:14]} Re6 {[%emt 0:04:34]} 36. Qf5 {[%emt 0:00:33]} Qxf5 {[%emt 0:01:19]} 37. Rxf5 {[%emt 0:00:03]} 1/2-1/2

[Event "Norm Congress-IM 2018"]
[Site "Saint Louis"]
[Date "2018.02.10"]
[Round "4"]
[White "Wang, Justin"]
[Black "Zhou, Qiyu"]
[Result "1/2-1/2"]
[WhiteElo "2368"]
[BlackElo "2230"]
[Annotator "TA"]
[PlyCount "73"]
[EventDate "2018.??.??"]
[EventType "schev"]
[EventCountry "USA"]
[SourceTitle "playchess.com"]
[Source "ChessBase"]
[SourceQuality "1"]

{[%evp 25,73,7,13,8,18,2,17,23,18,16,24,0,0,0,0,0,0,0,0,-4,-12,-38,-45,-90,-88,-92,-85,-93,-114,-108,-56,-29,-15,-232,0,0,0,0,0,0,0,0,0,0,0,0,0,0,0,0]} 1. e4 e5 2. Nf3 Nc6 3. Bb5 a6 4. Ba4 Nf6 5. d3 b5 6. Bb3 Be7 7. O-O d6 8. a4 b4 9. Nbd2 {C84: Closed Ruy Lopez: Unusual White 6th moves} (9. a5 O-O 10. Be3 h6 11. Nbd2 Re8 12. c3 Bf8 13. h3 Rb8 14. Re1 bxc3 15. bxc3 d5 16. Qc2 Be6 {0-1 (50) Grischuk,A (2772)-Ding,L (2777) Riadh 2017}) 9... O-O 10. Nc4 a5 11. Re1 Be6 12. h3 h6 13. Be3 Re8 {LiveBook: 3 Games} 14. Qe2 Nd7 $146 (14... Qc8 {is interesting.} 15. Rad1 Nd7 16. Rb1 Qb7 17. c3 Nf6) ({Predecessor:} 14... Bf8 15. Rad1 Qb8 16. Ncd2 d5 17. exd5 Nxd5 {0-1 (43) Papp,P (2276)-Kovanova,B (2371) Belgrade 2013}) 15. Ncd2 Bf6 16. Bxe6 Rxe6 17. c3 Re8 18. d4 bxc3 19. bxc3 exd4 20. cxd4 Nb4 21. Red1 Qe7 22. Rac1 Nb6 23. Qb5 c6 $36 {[%mdl 2048] Black has good play.} 24. Qh5 Nxa4 25. e5 dxe5 {Strongly threatening ...e4.} 26. dxe5 Bxe5 {And now ...Bb2 would win.} 27. Nc4 Bc7 {[#]} (27... Bb2 $17 28. Nxb2 Nxb2) 28. Bxh6 $1 $15 {[%mdl 512]} gxh6 29. Ne3 $2 {[#]} (29. Qg4+ $1 $11 {and White has nothing to worry.} Kf8 30. Rd7) 29... Qf6 $2 (29... Qe6 $1 $19 {Hoping for ...Nb2.} 30. Ng4 Bf4) 30. Ng4 $1 $11 {[%cal Rg4f6] The position is equal.} Qg6 $1 {[%cal Rg6h5]} 31. Qxg6+ fxg6 32. Rd7 $1 Bf4 33. Nf6+ Kf8 34. Nh7+ Kg8 {White must now prevent ...Re6.} 35. Nf6+ Kf8 36. Nh7+ Kg8 37. Nf6+ {Precision: White = 88%, Black = 61%.} 1/2-1/2

[Event "Norm Congress-IM 2018"]
[Site "Saint Louis"]
[Date "2018.02.10"]
[Round "4"]
[White "Stearman, Josiah"]
[Black "Colas, Joshua"]
[Result "0-1"]
[WhiteElo "2335"]
[BlackElo "2207"]
[Annotator "NA RC"]
[PlyCount "82"]
[EventDate "2018.??.??"]
[EventType "schev"]
[EventCountry "USA"]
[SourceTitle "playchess.com"]
[Source "ChessBase"]
[SourceQuality "1"]
[TimeControl "5400+30"]

1. e4 {[%emt 0:00:00]} c6 {[%emt 0:00:25]} 2. d4 {[%emt 0:00:00]} d5 {[%emt 0:00:09]} 3. Nc3 {[%emt 0:00:00]} dxe4 {[%emt 0:00:05]} 4. Nxe4 {[%emt 0:00:00]} Nf6 {[%emt 0:00:17]} 5. Nxf6+ {[%emt 0:00:03]} exf6 {[%emt 0:00:08]} 6. Bc4 {[%emt 0:03:09]} Bd6 {[%emt 0:00:20]} 7. Qe2+ {[%emt 0:03:24]} Qe7 {[%emt 0:01:09]} 8. Qxe7+ {[%emt 0:00:22]} Kxe7 {[%emt 0:00:29]} 9. Be3 {[%emt 0:00:30] B15: Caro-Kann: 3 Nc3: 3...g6 and 3...dxe4 4 Nxe4 Nf6 5 Nxf6+ exf6} (9. Ne2 Bf5 10. c3 Nd7 11. Bf4 Bxf4 12. Nxf4 Rhe8 13. O-O-O a5 14. Rhe1+ Kf8 15. Bd3 Bxd3 16. Nxd3 Rxe1 17. Rxe1 Re8 18. Rxe8+ Kxe8 {1-0 (32) Pridorozhni,A (2565)-Vaishali,R (2330) St Petersburg 2017}) 9... Be6 {[%emt 0:00:10]} 10. Bxe6 {[%emt 0:00:34]} fxe6 {[%emt 0:00:19]} 11. O-O-O {[%emt 0:00:16]} Nd7 $146 {[%emt 0:00:41]} ({Find the theoretical novelty and annotate with similar games:} 11... Na6 12. Ne2 Nb4 13. c3 Nd5 14. Bd2 b5 15. a4 a5 16. Kc2 Rhb8 17. Ra1 b4 18. Nc1 c5 19. dxc5 Bxc5 20. Nd3 b3+ 21. Kd1 Bd6 {½-½ (21) Lengyel,B (2425)-Kende,G (2265) Balatonbereny 1995}) 12. c4 {[%emt 0:01:24]} b5 {[%emt 0:06:55]} 13. c5 {[%emt 0:01:51]} Bc7 {[%emt 0:00:22]} 14. Ne2 {[%emt 0:01:33]} Rad8 {[%emt 0:01:17]} 15. f4 {[%emt 0:04:17]} f5 {[%emt 0:01:36]} 16. Bf2 {[%emt 0:00:34]} Kf7 {[%emt 0:01:51]} 17. Kb1 {[%emt 0:06:48]} h6 {[%emt 0:01:24]} 18. Bh4 {[%emt 0:05:06]} Rdg8 {[%emt 0:00:36]} 19. Rhe1 {[%emt 0:01:02]} g5 {[%emt 0:00:48]} 20. Bg3 {[%emt 0:00:01]} Nf6 {[%emt 0:04:18]} 21. fxg5 {[%emt 0:00:42]} Bxg3 {[%emt 0:00:10]} 22. g6+ {[%emt 0:00:15]} Rxg6 {[%emt 0:00:15]} 23. Nxg3 {[%emt 0:00:04]} (23. hxg3 $15 Nd5 24. Rd3) 23... Nd5 {[%emt 0:02:18]} 24. Re5 {[%emt 0:01:43]} h5 {[%emt 0:00:25]} 25. Rf1 {[%emt 0:00:30]} Kg7 $2 {[%emt 0:03:22]} ({Black should try} 25... h4 $19 26. Ne4 Rxg2 27. Nd6+ Kf6) 26. Ne2 {[%emt 0:00:44]} h4 {[%emt 0:01:29]} 27. Rf2 {[%emt 0:00:24]} Kf7 {[%emt 0:01:01]} 28. Ng1 {[%emt 0:12:03]} h3 {[%emt 0:08:33]} 29. Nxh3 {[%emt 0:01:45]} Rh4 {[%emt 0:00:09]} 30. Rxd5 {[%emt 0:17:17]} exd5 {[%emt 0:01:54]} 31. Rxf5+ {[%emt 0:02:50]} Ke7 {[%emt 0:03:36]} 32. Rf4 {[%emt 0:24:43]} (32. Rf2 $142) 32... Rgg4 {[%emt 0:00:14]} 33. Rxg4 {[%emt 0:00:52]} Rxg4 {[%emt 0:00:07]} 34. g3 {[%emt 0:00:06]} Rxd4 {[%emt 0:00:07]} 35. Nf4 {[%emt 0:00:08]} Rd2 {[%emt 0:00:54]} 36. h4 {[%emt 0:00:08]} Rh2 {[%emt 0:00:31]} 37. Nd3 {[%emt 0:00:51]} Ke6 {[%emt 0:00:29]} 38. Kc1 $19 {[%emt 0:02:10]} a5 {[%emt 0:00:06]} 39. h5 {[%emt 0:00:57]} Kf5 {[%emt 0:00:14]} 40. g4+ {[%emt 0:00:49]} Ke4 {[%emt 0:00:06]} 41. Ne1 {[%emt 0:00:04]} Rh4 {[%emt 0:00:13]} 0-1

[Event "Norm Congress-IM 2018"]
[Site "Saint Louis"]
[Date "2018.02.10"]
[Round "5"]
[White "Banawa, Joel"]
[Black "Matsenko, Sergei"]
[Result "0-1"]
[WhiteElo "2401"]
[BlackElo "2561"]
[Annotator "TA"]
[PlyCount "118"]
[EventDate "2018.??.??"]
[EventType "schev"]
[EventCountry "USA"]
[SourceTitle "playchess.com"]
[Source "ChessBase"]
[SourceQuality "1"]

{[%evp 19,118,44,46,33,50,51,44,12,38,38,40,29,40,33,35,36,48,40,41,39,55,50,50,60,56,35,50,0,24,-7,0,-9,-10,-10,-5,0,0,-5,0,0,17,11,0,0,0,-29,0,0,0,0,0,0,11,25,35,26,132,75,72,11,61,-70,-73,-70,-60,-103,-68,-80,-7,-10,-8,-91,-49,-45,-52,-36,-34,-43,0,0,0,-165,-163,-162,-162,-162,-165,-201,-198,-224,-230,-245,-210,-510,-467,-628,-623,-854,-841,-630,-545]} 1. d4 Nf6 2. c4 e6 3. Nf3 Bb4+ 4. Nbd2 O-O 5. a3 Be7 6. e4 d6 {E11: Bogo-Indian} 7. Be2 c5 8. d5 exd5 (8... e5 9. Qc2 Nbd7 10. Nf1 a6 11. Bd2 Nh5 12. g3 g6 13. Ne3 Ng7 14. Bd3 {½-½ (35) Ding,L (2774)-Carlsen,M (2837) Saint Louis 2017}) 9. cxd5 Re8 10. O-O Bf8 {LiveBook: 6 Games} 11. Qc2 Bg4 12. Bd3 Nbd7 13. Re1 $146 ({Find the theoretical novelty and annotate with similar games:} 13. b3 g6 14. a4 {1-0 (48) Salem,A (2628)-Winants,L (2558) Baku 2016}) 13... g6 (13... c4 $5 14. Qxc4 (14. Nxc4 Rc8 $14) 14... Qb6 $16) 14. b3 Bg7 15. Bb2 Nh5 16. h3 Bxf3 17. Nxf3 a6 18. Bxg7 Kxg7 19. g3 Qf6 20. Be2 Kg8 21. Nd2 Ng7 22. Kg2 Re7 23. Bf1 Rae8 24. Red1 g5 25. Rac1 h5 {[%cal Bh7h5,Bh5h4][%mdl 32]} 26. Qc3 Ne5 27. b4 cxb4 28. axb4 h4 29. Be2 Qh6 30. g4 Ra8 31. f3 Qf6 32. Nf1 Ne8 33. Qd2 Ng6 34. Ne3 $1 Ng7 35. Bf1 Qf4 36. Qf2 Ne5 37. Rc3 b5 (37... Ree8 $11 {keeps the balance.}) 38. Rdc1 (38. Ra1 $142) 38... Kh7 $16 39. Be2 (39. Ra1 $16) 39... Raa7 40. Nf1 (40. Kg1 $14) 40... a5 $15 41. bxa5 Rxa5 42. Qb6 Ra2 43. R3c2 {[#]} Rxc2 ({Black should play} 43... Rea7 $1 $17 {White must now prevent ...Nxf3!} 44. Qe3 Qf6) 44. Rxc2 $11 Ng6 45. Qd4 (45. Qxb5 $11 Rxe4 46. Bd3) 45... Rb7 46. Rb2 Qc1 47. Qd2 Nf4+ 48. Kh2 Nxe2 49. Qxe2 b4 {[%cal Bb5b4,Bb4b3][%mdl 32]} 50. Ne3 $2 (50. Kg2 $11) 50... b3 $19 51. Nd1 Rc7 52. Kg2 {[#]} Ne8 $1 ({But not} 52... Rc2 53. Rxc2 Qxc2 54. Kf2 $17) 53. e5 Rc2 54. Rxc2 Qxc2 55. Kf2 dxe5 56. Nb2 $2 (56. Ke1 Qxe2+ 57. Kxe2) 56... Qc5+ {Black is clearly winning.} 57. Qe3 Qxd5 58. Qe4+ Qxe4 59. fxe4 Nc7 {Precision: White = 50%, Black = 54%.} 0-1

[Event "Norm Congress-IM 2018"]
[Site "Saint Louis"]
[Date "2018.02.10"]
[Round "5"]
[White "Jacobson, Brandon"]
[Black "Torres Rosas, Luis Carlos"]
[Result "1-0"]
[WhiteElo "2351"]
[BlackElo "2370"]
[Annotator "TA"]
[PlyCount "75"]
[EventDate "2018.??.??"]
[EventType "schev"]
[EventCountry "USA"]
[SourceTitle "playchess.com"]
[Source "ChessBase"]
[SourceQuality "1"]

{[%evp 17,75,3,8,12,16,15,26,20,21,15,14,9,25,0,0,-27,-25,-31,-28,-54,0,-44,-14,-31,-8,-8,19,29,61,30,83,89,90,84,89,89,89,93,104,89,139,123,134,140,133,133,133,133,254,161,175,162,204,216,202,169,459,447,847,837]} 1. e4 c5 2. Nf3 d6 3. d4 cxd4 4. Nxd4 Nf6 5. Nc3 a6 6. Be3 e5 7. Nf3 Be7 8. Bc4 O-O 9. O-O Nc6 10. Bb3 {B90: Sicilian Najdorf: Unusual White 6th moves, 6 Be3 Ng4 and 6 Be3 e5} (10. Re1 Be6 11. Nd5 Bxd5 12. exd5 Nb8 13. a4 Nbd7 14. a5 Ng4 15. Bc1 f5 16. Bf1 Bf6 17. h3 Nh6 {1-0 (30) Karjakin,S (2760)-Ivanchuk,V (2729) Medias 2017}) 10... Na5 11. Bg5 Be6 12. Bxf6 {White has an edge.} Bxf6 13. Nd5 Be7 {[#]} 14. c3 $146 ({Predecessor:} 14. Qd3 Re8 15. Rfd1 Bf8 16. Nd2 Rc8 17. Nc4 Nxc4 18. Bxc4 {½-½ (38) Safarli,E (2587)-Vera Gonzalez Quevedo,R (2491) Lugo 2009}) 14... Rc8 15. Ne1 Nc4 16. Bxc4 Rxc4 17. Qd3 Rc5 18. Ne3 g6 ({Better is} 18... Qb6 $15 19. b3 Qc7) 19. N1c2 a5 20. c4 Qd7 21. a4 h5 22. b3 h4 23. Rad1 Rd8 (23... f5 $11) 24. h3 $16 Bg5 25. Rfe1 Bf4 26. Na3 Qe7 27. Nb5 b6 28. Kh1 (28. Nxd6 Bg5 $17) 28... Qg5 29. Qe2 ({Inferior is} 29. Nxd6 Rc6 $17) 29... Qe7 30. Rd3 Bh6 31. Red1 {[%cal Be1d1,Bd1d6,Bd6e6][%mdl 32]} Rc6 32. Nd5 {[%cal Be3d5,Bd5f6,Bf6g8][%mdl 32]} Qb7 (32... Qg5 $16 33. Kg1 Rd7) 33. Nf6+ Kf8 34. Nxd6 ({Worse is} 34. Rxd6 Rdxd6 35. Rxd6 Rxd6 $11) 34... Rcxd6 35. Rxd6 Rxd6 36. Rxd6 {[#] Strongly threatening Nd5.} Ke7 $2 (36... Qe7) 37. Rxe6+ $1 $18 fxe6 (37... Kxe6 $142 38. Nd5 Kd6) 38. Ng8+ {Precision: White = 64%, Black = 28%.} 1-0